000 00467nam a2200169Ia 4500
008 190430s9999 xx 000 0 und d
100 _aTalavera, Catherine
245 _aBicol seeks more funding for tourism promotions/
245 _cCatherine Talavera
260 _bThe Philippine Star
260 _c2018
300 _aPage B9, August 27
440 _aThe Philippine Star
_v33:31
650 _aBicol (Philippines)
650 _aGeography
650 _aTourism
999 _c361774
_d361774